Manual de hormigón armado

Uloženo v:
Podrobná bibliografie
Hlavní autor: Ferreras, Román (Autor)
Médium: Kniha
Jazyk:španělština
Vydáno: Madrid Colegio de Ingenieros de caminos, canales y puertos 1999
Vydání:7a. ed
Edice:Colección Seinor, 4
Témata:
Tagy: Přidat tag
Žádné tagy, Buďte první, kdo vytvoří štítek k tomuto záznamu!

MARC

LEADER 00000nam a2200000 a 4500
001 UCP6531
003 CL-VaPUC
008 991029e19990000SP |||||||||||||||||spa|d
082 0 4 |a 693.54  |b FER  |2 21 
100 0 |a Ferreras, Román  |e author  |9 435635 
245 1 0 |a Manual de hormigón armado 
250 |a 7a. ed 
300 |a 335 p 
942 |c BK 
945 |d 19991029 00:00:00  |a vberengu 
260 |a Madrid  |b Colegio de Ingenieros de caminos, canales y puertos  |c 1999 
650 0 |a Cálculo  |9 260234 
650 7 |a CONSTRUCCIONES DE HORMIGON ARMADO  |2 CL-VaPUC  |9 260725 
650 0 |a Hormigones  |9 262546 
650 7 |a HORMIGON ARMADO  |2 CL-VaPUC  |9 435636 
650 0 |a Materiales de construcción  |9 260197 
583 |a last modification  |c 20160921 10:12:17  |k Rodrigo Vera 
490 0 |a Colección Seinor, 4 
999 |c 284041  |d 284039 
952 |0 0  |1 0  |4 0  |6 693_540000000000000_FER_1999  |7 0  |8 A  |9 327725  |a BIBING  |b BIBING  |d 2019-11-20  |i 3570401  |o 693.54 FER 1999  |p 3570401  |r 2025-01-20  |w 2019-11-20  |y BK  |k CCL 
952 |0 0  |1 0  |4 0  |6 693_540000000000000_FER_1999  |7 0  |8 A  |9 327726  |a BIBING  |b BIBING  |d 2019-11-20  |i 3570398  |o 693.54 FER 1999  |p 3570398  |r 2025-01-20  |w 2019-11-20  |y BK  |k CCL 
952 |0 0  |1 0  |4 0  |6 693_540000000000000_FER_1999  |7 0  |8 A  |9 327727  |a BIBING  |b BIBING  |d 2019-11-20  |i 3588742  |o 693.54 FER 1999  |p 3588742  |r 2025-01-20  |w 2019-11-20  |y BK  |k CCL